Gibson Girl - Ethel Cain - Statistics

General Stats
  • This quiz has been taken 18 times
  • The average score is 255 of 287
Answer Stats
% Correct
I
100%
love
100%
me
100%
me,
100%
now
100%
right
100%
to
100%
wanna
100%
You
100%
you
100%
a
92%
all
92%
alone
92%
and
92%
And
92%
ass,
92%
"Baby,
92%
bad"
92%
bad
92%
be
92%
can
92%
can't
92%
clothes
92%
cold
92%
dark
92%
drugs
92%
feels
92%
fuck
92%
get
92%
good,
92%
hate
92%
he
92%
how
92%
hurt
92%
if
92%
it
92%
know
92%
lap
92%
money,
92%
my
92%
off
92%
Says
92%
says
92%
shake
92%
stranger's
92%
the
92%
then
92%
Then
92%
up
92%
with
92%
you're
92%
addicted
83%
Black
83%
bleed
83%
blooded
83%
body,
83%
came
83%
don't
83%
glasses
83%
in
83%
on
83%
over
83%
please
83%
same
83%
so
83%
takes
83%
tell
83%
time
83%
want
83%
why
83%
another
75%
asking
75%
away,
75%
far
75%
from
75%
fucking
75%
he's
75%
iconic
75%
immoral
75%
knees
75%
leather
75%
more
75%
Obsession
75%
that
75%
that's
75%
these
75%
while
75%
downright
67%
Pouring
67%
rip
67%
see
67%
they
67%
however
58%
Just
58%
let
58%
lights
58%
Something
58%
something
58%
Where
58%
had
50%
have
50%
show
50%
wish
50%
only
42%
would
42%
No matching quizzes found
Score Distribution
Percent of People with Each Score
Percentile by Number Answered
Your Score History
You have not taken this quiz